ETA carinae and other mysterious stars (Record no. 14624)
[ view plain ]
| 000 -LEADER | |
|---|---|
| fixed length control field | 00992nam a2200241Ia 4500 |
| 003 - CONTROL NUMBER IDENTIFIER | |
| control field | IN-BaIIA |
| 008 - FIXED-LENGTH DATA ELEMENTS--GENERAL INFORMATION | |
| fixed length control field | 211028s9999 xx 000 0 eng d |
| 020 ## - INTERNATIONAL STANDARD BOOK NUMBER | |
| International Standard Book Number | 1-58381-080-3 |
| 040 ## - CATALOGING SOURCE | |
| Transcribing agency | IIA Library |
| 080 ## - UNIVERSAL DECIMAL CLASSIFICATION NUMBER | |
| Universal Decimal Classification number | 082.2:52 |
| Item number | ASP-242 |
| 111 ## - MAIN ENTRY--MEETING NAME | |
| Meeting name or jurisdiction name as entry element | International Conference ETA Carinae and Other Mysterious Stars |
| Location of meeting | Hven, Sweden |
| Date of meeting or treaty signing | 2000 Aug. 24-26 |
| 9 (RLIN) | 26051 |
| 245 #0 - TITLE STATEMENT | |
| Title | ETA carinae and other mysterious stars |
| Remainder of title | the hidden opportunities of emission line spectroscopy; proceedings of an International conference held in Hven, Sweden, August 24-26, 2000 |
| Statement of responsibility, etc. | edited by T. R. Gull, S. Johansson and K. Davidson |
| 260 ## - PUBLICATION, DISTRIBUTION, ETC. | |
| Place of publication, distribution, etc. | California |
| Name of publisher, distributor, etc. | Astronomical Society of the Pacific |
| Date of publication, distribution, etc. | 2001 |
| 300 ## - PHYSICAL DESCRIPTION | |
| Extent | xvi, 463p. |
| 490 ## - SERIES STATEMENT | |
| Series statement | ASP conference series; v. 242 |
| 650 ## - SUBJECT ADDED ENTRY--TOPICAL TERM | |
| Topical term or geographic name entry element | Radiative process |
| 9 (RLIN) | 26052 |
| 650 ## - SUBJECT ADDED ENTRY--TOPICAL TERM | |
| Topical term or geographic name entry element | Spectroscopy |
| 9 (RLIN) | 1535 |
| 650 ## - SUBJECT ADDED ENTRY--TOPICAL TERM | |
| Topical term or geographic name entry element | Ultraviolet spectrum |
| 9 (RLIN) | 26053 |
| 700 ## - ADDED ENTRY--PERSONAL NAME | |
| Personal name | Davidson, K., ed. |
| 9 (RLIN) | 16300 |
| 700 ## - ADDED ENTRY--PERSONAL NAME | |
| Personal name | Gull, T. R., ed. |
| 9 (RLIN) | 26054 |
| 700 ## - ADDED ENTRY--PERSONAL NAME | |
| Personal name | Johansson, S., ed. |
| 9 (RLIN) | 26055 |
| 942 ## - ADDED ENTRY ELEMENTS (KOHA) | |
| Koha item type | Books |
| Withdrawn status | Lost status | Damaged status | Not for loan | Home library | Current library | Shelving location | Date acquired | Total Checkouts | Full call number | Barcode | Date last seen | Price effective from | Koha item type |
|---|---|---|---|---|---|---|---|---|---|---|---|---|---|
| IIA Library-Bangalore | IIA Library-Bangalore | General Stacks | 07/05/2002 | 082.2:52/ ASP-242 | 15546 | 05/11/2021 | 07/05/2002 | Books |